ECONOMIC ENVIRONMENT OF BUSINESS (Record no. 38150)

MARC details
000 -LEADER
fixed length control field 00259nam a2200109Ia 4500
008 - FIXED-LENGTH DATA ELEMENTS--GENERAL INFORMATION
fixed length control field 240625s9999 xx 000 0 und d
041 ## - LANGUAGE CODE
Language code of text/sound track or separate title eng
082 ## - DEWEY DECIMAL CLASSIFICATION NUMBER
Classification number 330 PAI
100 ## - MAIN ENTRY--PERSONAL NAME
Personal name PAILWAR VEENA KESHAV
245 ## - TITLE STATEMENT
Title ECONOMIC ENVIRONMENT OF BUSINESS
260 ## - PUBLICATION, DISTRIBUTION, ETC.
Date of publication, distribution, etc. 2010
Holdings
Withdrawn status Lost status Damaged status Not for loan Home library Current library Shelving location Date acquired Source of acquisition Full call number Barcode Date last seen Price effective from Koha item type
        IMTN IMTN Rack 4-B 05/21/2016 32917 330 PAI BB68 06/25/2024 06/25/2024 Book Bank
Designed & Maintained by: LRC IMT Nagpur Contact: lrc@imtnag.ac.in© 2024. All Rights Reserved.